| 000 | 00468nam a22001697a 4500 | ||
|---|---|---|---|
| 003 | OSt | ||
| 008 | 241022b |||||||| |||| 00| 0 eng d | ||
| 020 | _a9780500019979 | ||
| 082 | _a641.3 PEF | ||
| 100 | _aPEACOCK, John | ||
| 245 | _aFashion Accessories: The Complete 20th Century Sourcebook with 2000 Full-Color Illustrations | ||
| 250 | _a1st. ed. | ||
| 260 |
_aNew York, _bThames & Hudson, _c2000, |
||
| 300 | _a192 p. | ||
| 650 | _aB. FAD. | ||
| 942 |
_2ddc _cREF |
||
| 999 |
_c12936 _d12936 |
||